| 000 | 00576nam a2200229Ia 4500 | ||
|---|---|---|---|
| 003 | OSt | ||
| 005 | 20220928135501.0 | ||
| 006 | a|||||r|||| 00| 0 | ||
| 007 | ta | ||
| 008 | 220927b |||||||| |||| 00| 0 eng d | ||
| 024 | _a2524 | ||
| 037 | _cTextual | ||
| 040 |
_aSDCL _cSDCL _beng |
||
| 041 |
_2eng _aeng |
||
| 082 | _aX:51-8, N3 | ||
| 100 |
_aMason J Berry _9490975 |
||
| 245 | 0 | _aMarketing management | |
| 260 | _c1993 | ||
| 700 |
_a Ezell Hazel F _9490976 |
||
| 942 |
_hX:51-8, N3 _cTEXL _2CC |
||
| 999 |
_c806335 _d806335 |
||